00510cam a22001937a 4500003000500000005001700005008004100022010000800063011000900071035000800080040000900088082001800097100001900115245006200134260003600196300002000232500004300252650002100295CHAP20230524115445.0971013s1986 r 00010 d a656 a1628 a804 cCHAP a541bC4Y 198110aChang, Raymond 0aFisicoquímica; con aplicaciones a sistemas biológicos aMéxico, D. F. :bCECSA,c1986 a792 p.b: ilus. aTrad. Physical Chemistry 2 ed. de 198114aFisicoquímica.